LEADER 00908nam a2200241 i 4500 001 000000156466 003 CaOOAMICUS 005 20160830000000.0 008 160830s1999 it u000 u ita u 013 $a133821 020 $a88-86881-28-2 040 $aSeMil$bita 245 10$aJoe preghiera in ritratto di Maria. 260 $aSaronno (VA) :$bMonti,$c1999. 300 $a32 p. :$bill. ;$c15 cm. 650 4$aMadonna - Vita.$0(OLS)http://semarc/subject/15130 650 4$aCatechesi [per] adolescenti.$0(OLS)http://semarc/subject/3454 850 $aSeMil 852 $aSeMil$W1$xVenegono$y1$m5B III 36/1$j108231$B108231$CSeMilBibl$Z2$F117810 $81 961 $aOmaggio: Altro 996 $6020$a88-86881-28-2$9(OLS)http://semarc/number/146622 996 $6245$aJoe preghiera in ritratto di Maria$9(OLS)http://semarc/title/229335 996 $6260$aSaronno (VA) :$bMonti$9(OLS)http://semarc/publisher/29863 LEADER 00983nam a2200205 i 4500 001 000000029903 003 CaOOAMICUS 005 20180830125448.0 008 180830s1978 gw u000 u und u 040 $aSeMil$bita 100 1 $aGreschat, Martin,$d<1934-2017>.$0(OLS)http://semarc/name/13663 245 10$aTheologen des Protestantismus im 19. und 20. Jahrhundert /$cMartin Greschat (Hrsg.) 260 $aStuttgart ; Berlin ; Köln :$bKohlhammer,$ccopyr. 1978. 300 $a2 v. ;$c19 cm. 650 4$aTeologia protestante - Studi.$0(OLS)http://semarc/subject/4783 773 0 $tUrban-Taschenbücher.$dStuttgart ; Berlin ; Köln : Kohlhammer, 1965.$w()4319 774 0 $t1.$kUrban-Taschenbücher$z3-17-004904-6$g1$w()60729 774 0 $t2.$kUrban-Taschenbücher$z3-17-004905-4$g2$w()229743 996 $6245$aTheologen des Protestantismus im 19. und 20. Jahrhundert$9(OLS)http://semarc/title/40675 996 $6260$aStuttgart ; Berlin ; Köln :$bKohlhammer$9(OLS)http://semarc/publisher/30031